El hombre en la montaña

Saved in:
書目詳細資料
主要作者: Garrido Merino, Edgardo (Author)
格式: 圖書
語言:西班牙语
出版: Santiago Universitaria 1999
叢編:Colección Premios Nacionales de Literatura, 31
主題:
標簽: 添加標簽
沒有標簽, 成為第一個標記此記錄!

MARC

LEADER 00000nam a2200000 a 4500
001 UCN0979
003 CL-VaPUC
008 010406e19990000CL |||||||||||||||||spa|d
082 0 4 |a Ch863  |b GAR  |2 21 
100 |a Garrido Merino, Edgardo  |e author  |9 456348 
245 1 3 |a El hombre en la montaña 
300 |a 283 p 
942 |c BK 
945 |d 20010406 00:00:00  |a vberengu 
260 |a Santiago  |b Universitaria  |c 1999 
650 0 |a Novelas chilenas   |9 265425 
650 0 |a Literatura chilena   |9 308278 
583 |a last modification  |c 20010406 00:00:00  |k Rodrigo Vera 
490 0 |a Colección Premios Nacionales de Literatura, 31 
999 |c 294585  |d 294583 
952 |0 0  |1 0  |4 0  |6 CH_863_000000000000000_GAR_1999  |7 0  |8 A  |9 347117  |a BIBGIM  |b BIBGIM  |d 2019-11-20  |i 3711307  |o Ch863 GAR 1999  |p 3711307  |r 2025-01-15  |w 2019-11-20  |y BK  |k CUG 
952 |0 0  |1 0  |4 0  |6 CH_863_000000000000000_GAR_1999  |7 0  |8 A  |9 347118  |a BIBING  |b BIBING  |d 2019-11-20  |i 371151K  |o Ch863 GAR 1999  |p 371151K  |r 2025-01-20  |w 2019-11-20  |y BK  |k CUI